000 01470nam a22004217a 4500
003 OSt
005 20260505094105.0
007 ta
008 260505s2025 ag ||||| |||| 00| 0 spa d
020 _a9789878949468
040 _ccj catamarca
082 _a343.26 Ur76
100 1 0 _9324
_aUriburu, Gregorio Jose
245 1 3 _aLa pena privativa de la libertad materialmente perpetua
250 _a1º ed.
260 _aCABA:
_bDidot,
_c2025
300 _a306 p.
_c23 cm
500 _aINVENTARIO Nº 8173
650 7 _2SAIJ
653 _aDERECHO PROCESAL PENAL
653 _aEJECUCION DE LA PENA PRIVATIVA
653 _aPENA PRIVATIVA-art. 18 CN
653 _aPENA PRIVATIVA-TRATADOS INTERNACIONALES
653 _aCASO "ALVAREZ"-CIDH
653 _aJURISPRUDENCIA-TRIBUNAL EUROPEO
653 _aJURISPRUDENCIA-CSJN
653 _aCASO "GRAMAJO"-INCONSTITUCIONALIDAD MULTIRREINCIDENCIA
653 _aCASO "MALDONADO"-PENA PRIVATIVA-MENOR DE EDAD
653 _aCASO "ARCE"-PENA PRIVATIVA-MENOR DE EDAD
653 _aCASO "ESTEVEZ" y "ALVAREZ ORDOÑEZ"-DISIDENCIA ZAFFARONI
653 _aPRISION PERPETUA-INCONSTITUCIONALIDAD-RECHAZO
653 _aCASOS "CHUEKE"-"LEGUIZAMON"-"BACHETTI"-"GIGENA"-CSJN
653 _aCASO "ESCALANTE"-PRISION PERPETUA-NIÑOS
653 _aJURISPRUDENCIA-CAMARAS
653 _aDOCTRINA- CAMARAS
856 _uhttps://drive.google.com/file/d/115vWDEx3n0zpvflQ6n9aF0XM8K2OiO34/view?usp=sharing
942 _2ddc
_cBK
_n0
999 _c6537
_d6537